<?xml version="1.0" encoding="UTF-8"?>
<collection xmlns="http://www.loc.gov/MARC21/slim">

<record>
	<leader>00000cam a2200000 4500</leader>
	<controlfield tag="001">QQ20599619</controlfield>
	<controlfield tag="003">AFFRC</controlfield>
	<controlfield tag="005">20221026101010</controlfield>
	<controlfield tag="007">  </controlfield>
	<controlfield tag="008">221026s2022    ja ||||  ||||u||||u jpnnd</controlfield>
	<datafield tag="016" ind1="7" ind2=" ">
		<subfield code="a">QQ20599619</subfield>
		<subfield code="2">JP-TsAFF</subfield>
	</datafield>
	<datafield tag="040" ind1=" " ind2=" ">
		<subfield code="a">AFFRC</subfield>
	</datafield>
	<datafield tag="041" ind1="0" ind2=" ">
		<subfield code="a">jpn</subfield>
	</datafield>
	<datafield tag="700" ind1="1" ind2="0">
		<subfield code="a">農林水産省農林水産技術会議事務局研究推進課</subfield>
	</datafield>
	<datafield tag="700" ind1="1" ind2="0">
		<subfield code="a">農業・食品産業技術総合研究機構スマート農業事業推進室</subfield>
	</datafield>
	
	
	
	<datafield tag="245" ind1="1" ind2="0">
		<subfield code="a">スマート農業実証プロジェクト</subfield>
		<subfield code="b">project 2022</subfield>
		<subfield code="c">農林水産省農林水産技術会議事務局研究推進課, 農業・食品産業技術総合研究機構スマート農業事業推進室 [編]</subfield>
	</datafield>
	
	
	
	<datafield tag="260" ind1=" " ind2=" ">
		<subfield code="a">[東京]</subfield>
		<subfield code="b">農林水産省技術会議事務局研究推進課</subfield>
		<subfield code="c">[2022].</subfield>
	</datafield>
	
<datafield tag="300" ind1=" " ind2=" ">
<subfield code="c">30cm.</subfield>
</datafield>
	
	
	<datafield tag="504" ind1=" " ind2=" ">
		<subfield code="a">電子版公開あり: https://www.affrc.maff.go.jp/docs/smart_agri_pro/pamphlet/index.htm (2022.10.26参照)</subfield>
	</datafield>
	
	
	<datafield tag="852" ind1=" " ind2=" ">
		<subfield code="a">06</subfield>
		<subfield code="b">図</subfield>
		<subfield code="i">,図(農林水産省)///1-1,060000074780</subfield>
	</datafield>
	<datafield tag="852" ind1=" " ind2=" ">
		<subfield code="a">21</subfield>
		<subfield code="b">図書館(安濃)</subfield>
		<subfield code="i">,N-01,070000015069</subfield>
	</datafield>
	<datafield tag="852" ind1=" " ind2=" ">
		<subfield code="a">14</subfield>
		<subfield code="b">図書室1F農水省技会</subfield>
		<subfield code="i">,NGS,110000094958</subfield>
	</datafield>
	<datafield tag="852" ind1=" " ind2=" ">
		<subfield code="a">13</subfield>
		<subfield code="b">農水省</subfield>
		<subfield code="i">,//K8277/農林水産省,040000115744</subfield>
	</datafield>
	<datafield tag="990" ind1=" " ind2=" ">
		<subfield code="a">06</subfield>
		<subfield code="b">06/00001</subfield>
		<subfield code="i">,図(農林水産省)///1-1,060000074780</subfield>
		<subfield code="j">図(農林水産省)///1-1</subfield>
	</datafield>
	<datafield tag="990" ind1=" " ind2=" ">
		<subfield code="a">21</subfield>
		<subfield code="b">21/00001</subfield>
		<subfield code="i">,N-01,070000015069</subfield>
		<subfield code="j">N-01</subfield>
	</datafield>
	<datafield tag="990" ind1=" " ind2=" ">
		<subfield code="a">14</subfield>
		<subfield code="b">14/00015</subfield>
		<subfield code="i">,NGS,110000094958</subfield>
		<subfield code="j">NGS</subfield>
	</datafield>
	<datafield tag="990" ind1=" " ind2=" ">
		<subfield code="a">13</subfield>
		<subfield code="b">13/00004</subfield>
		<subfield code="i">,//K8277/農林水産省,040000115744</subfield>
		<subfield code="j">//K8277/農林水産省</subfield>
	</datafield>
</record>
<record>
	<leader>00000cam a2200000 4500</leader>
	<controlfield tag="001">QQ20601393</controlfield>
	<controlfield tag="003">AFFRC</controlfield>
	<controlfield tag="005">20221226115634</controlfield>
	<controlfield tag="007">  </controlfield>
	<controlfield tag="008">221226s2022    ja ||||  ||||u||||u jpnnd</controlfield>
	<datafield tag="016" ind1="7" ind2=" ">
		<subfield code="a">QQ20601393</subfield>
		<subfield code="2">JP-TsAFF</subfield>
	</datafield>
	<datafield tag="020" ind1=" " ind2=" ">
	</datafield>
	<datafield tag="040" ind1=" " ind2=" ">
		<subfield code="a">AFFRC</subfield>
	</datafield>
	<datafield tag="041" ind1="0" ind2=" ">
		<subfield code="a">jpn</subfield>
	</datafield>
	<datafield tag="700" ind1="1" ind2="0">
		<subfield code="a">農林水産省</subfield>
	</datafield>
	
	
	
	<datafield tag="245" ind1="1" ind2="0">
		<subfield code="a">民間部門農林水産研究開発功績者表彰</subfield>
		<subfield code="b">受賞者の業績概要</subfield>
		<subfield code="c">農林水産省農林水産技術会議事務局 [編]</subfield>
	</datafield>
	
	
	
	<datafield tag="260" ind1=" " ind2=" ">
		<subfield code="a">[東京]</subfield>
		<subfield code="b">農林水産省</subfield>
		<subfield code="c">2022.10.</subfield>
	</datafield>
	
<datafield tag="300" ind1=" " ind2=" ">
<subfield code="c">30cm.</subfield>
</datafield>
	
	
	<datafield tag="504" ind1=" " ind2=" ">
		<subfield code="a">主催: 農林水産省, 農林水産・食品産業技術振興協会</subfield>
	</datafield>
	<datafield tag="504" ind1=" " ind2=" ">
		<subfield code="a">問い合わせ・連絡先: 農林水産・食品産業技術振興協会</subfield>
	</datafield>
	<datafield tag="504" ind1=" " ind2=" ">
		<subfield code="a">農林水産大臣賞, 農林水産技術会議会長賞, 農林水産・食品産業技術振興協会会長賞</subfield>
	</datafield>
	
	
	<datafield tag="852" ind1=" " ind2=" ">
		<subfield code="a">13</subfield>
		<subfield code="b">農水省</subfield>
		<subfield code="i">,//K8214/農林省,040000115557</subfield>
	</datafield>
	<datafield tag="990" ind1=" " ind2=" ">
		<subfield code="a">13</subfield>
		<subfield code="b">13/00004</subfield>
		<subfield code="i">,//K8214/農林省,040000115557</subfield>
		<subfield code="j">//K8214/農林省</subfield>
	</datafield>
</record>
<record>
	<leader>00000cam a2200000 4500</leader>
	<controlfield tag="001">QQ20601392</controlfield>
	<controlfield tag="003">AFFRC</controlfield>
	<controlfield tag="005">20221226114343</controlfield>
	<controlfield tag="007">  </controlfield>
	<controlfield tag="008">221226s2022    ja ||||  ||||u||||u jpnnd</controlfield>
	<datafield tag="016" ind1="7" ind2=" ">
		<subfield code="a">QQ20601392</subfield>
		<subfield code="2">JP-TsAFF</subfield>
	</datafield>
	<datafield tag="020" ind1=" " ind2=" ">
	</datafield>
	<datafield tag="040" ind1=" " ind2=" ">
		<subfield code="a">AFFRC</subfield>
	</datafield>
	<datafield tag="041" ind1="0" ind2=" ">
		<subfield code="a">jpn</subfield>
	</datafield>
	<datafield tag="700" ind1="1" ind2="0">
		<subfield code="a">農林水産技術会議</subfield>
	</datafield>
	
	
	
	<datafield tag="245" ind1="1" ind2="0">
		<subfield code="a">若手農林水産研究者表彰</subfield>
		<subfield code="b">受賞者の業績概要</subfield>
		<subfield code="c">農林水産省農林水産技術会議事務局 [編]</subfield>
	</datafield>
	
	
	
	<datafield tag="260" ind1=" " ind2=" ">
		<subfield code="a">[東京]</subfield>
		<subfield code="b">農林水産技術会議事務局</subfield>
		<subfield code="c">2022.10.</subfield>
	</datafield>
	
<datafield tag="300" ind1=" " ind2=" ">
<subfield code="c">30cm.</subfield>
</datafield>
	
	
	<datafield tag="504" ind1=" " ind2=" ">
		<subfield code="a">協賛: 農林水産・食品産業技術振興協会</subfield>
	</datafield>
	<datafield tag="504" ind1=" " ind2=" ">
		<subfield code="a">問い合わせ・連絡先: 農林水産省農林水産技術会議事務局研究推進課、農林水産・食品産業技術振興協会</subfield>
	</datafield>
	
	
	<datafield tag="852" ind1=" " ind2=" ">
		<subfield code="a">13</subfield>
		<subfield code="b">農水省</subfield>
		<subfield code="i">,//K8213/技術会議,040000115556</subfield>
	</datafield>
	<datafield tag="990" ind1=" " ind2=" ">
		<subfield code="a">13</subfield>
		<subfield code="b">13/00004</subfield>
		<subfield code="i">,//K8213/技術会議,040000115556</subfield>
		<subfield code="j">//K8213/技術会議</subfield>
	</datafield>
</record>
<record>
	<leader>00000cam a2200000 4500</leader>
	<controlfield tag="001">QQ20589230</controlfield>
	<controlfield tag="003">AFFRC</controlfield>
	<controlfield tag="005">20210830151037</controlfield>
	<controlfield tag="007">  </controlfield>
	<controlfield tag="008">210830s2021    ja ||||  ||||u||||u jpnnd</controlfield>
	<datafield tag="016" ind1="7" ind2=" ">
		<subfield code="a">QQ20589230</subfield>
		<subfield code="2">JP-TsAFF</subfield>
	</datafield>
	<datafield tag="040" ind1=" " ind2=" ">
		<subfield code="a">AFFRC</subfield>
	</datafield>
	<datafield tag="041" ind1="0" ind2=" ">
		<subfield code="a">jpn</subfield>
	</datafield>
	<datafield tag="700" ind1="1" ind2="0">
		<subfield code="a">農林水産省農林水産技術会議事務局研究推進課</subfield>
	</datafield>
	<datafield tag="700" ind1="1" ind2="0">
		<subfield code="a">農業・食品産業技術総合研究機構スマート農業事業推進室</subfield>
	</datafield>
	
	
	
	<datafield tag="245" ind1="1" ind2="0">
		<subfield code="a">スマート農業実証プロジェクト</subfield>
		<subfield code="b">project 2021</subfield>
		<subfield code="c">農林水産省農林水産技術会議事務局研究推進課, 農業・食品産業技術総合研究機構スマート農業事業推進室 [編]</subfield>
	</datafield>
	
	
	
	<datafield tag="260" ind1=" " ind2=" ">
		<subfield code="a">[東京]</subfield>
		<subfield code="b">農林水産省技術会議事務局研究推進課</subfield>
		<subfield code="c">[2021].</subfield>
	</datafield>
	
<datafield tag="300" ind1=" " ind2=" ">
<subfield code="c">30cm.</subfield>
</datafield>
	
	
	
	
	<datafield tag="852" ind1=" " ind2=" ">
		<subfield code="a">28</subfield>
		<subfield code="b">分室</subfield>
		<subfield code="i">,A610,120000092328</subfield>
	</datafield>
	<datafield tag="852" ind1=" " ind2=" ">
		<subfield code="a">14</subfield>
		<subfield code="b">図書室1F農水省技会</subfield>
		<subfield code="i">,NGS,110000094958</subfield>
	</datafield>
	<datafield tag="990" ind1=" " ind2=" ">
		<subfield code="a">28</subfield>
		<subfield code="b">28/00021</subfield>
		<subfield code="i">,A610,120000092328</subfield>
		<subfield code="j">A610</subfield>
	</datafield>
	<datafield tag="990" ind1=" " ind2=" ">
		<subfield code="a">14</subfield>
		<subfield code="b">14/00015</subfield>
		<subfield code="i">,NGS,110000094958</subfield>
		<subfield code="j">NGS</subfield>
	</datafield>
</record>
<record>
	<leader>00000cam a2200000 4500</leader>
	<controlfield tag="001">QQ20586620</controlfield>
	<controlfield tag="003">AFFRC</controlfield>
	<controlfield tag="005">20210406140853</controlfield>
	<controlfield tag="007">  </controlfield>
	<controlfield tag="008">210406s2021    ja ||||  ||||u||||u jpnnd</controlfield>
	<datafield tag="016" ind1="7" ind2=" ">
		<subfield code="a">QQ20586620</subfield>
		<subfield code="2">JP-TsAFF</subfield>
	</datafield>
	<datafield tag="020" ind1=" " ind2=" ">
	</datafield>
	<datafield tag="040" ind1=" " ind2=" ">
		<subfield code="a">AFFRC</subfield>
	</datafield>
	<datafield tag="041" ind1="0" ind2=" ">
		<subfield code="a">jpn</subfield>
	</datafield>
	<datafield tag="700" ind1="1" ind2="0">
		<subfield code="a">農林水産省農林水産技術会議事務局</subfield>
	</datafield>
	
	
	
	<datafield tag="245" ind1="1" ind2="0">
		<subfield code="a">食料生産地域再生のための先端技術展開事業</subfield>
		<subfield code="c">農林水産省農林水産技術会議事務局 [編]</subfield>
	</datafield>
	
	
	
	<datafield tag="260" ind1=" " ind2=" ">
		<subfield code="a">[東京]</subfield>
		<subfield code="b">農林水産省農林水産技術会議事務局</subfield>
		<subfield code="c">2021.3.</subfield>
	</datafield>
	
<datafield tag="300" ind1=" " ind2=" ">
<subfield code="c">30cm.</subfield>
</datafield>
	
	
	
	
	<datafield tag="852" ind1=" " ind2=" ">
		<subfield code="a">07</subfield>
		<subfield code="b">第二図書室</subfield>
		<subfield code="i">,///農林水産省他,220000047833</subfield>
	</datafield>
	<datafield tag="990" ind1=" " ind2=" ">
		<subfield code="a">07</subfield>
		<subfield code="b">07/00002</subfield>
		<subfield code="i">,///農林水産省他,220000047833</subfield>
		<subfield code="j">///農林水産省他</subfield>
	</datafield>
</record>
<record>
	<leader>00000cam a2200000 4500</leader>
	<controlfield tag="001">QQ20584346</controlfield>
	<controlfield tag="003">AFFRC</controlfield>
	<controlfield tag="005">20210125095750</controlfield>
	<controlfield tag="007">  </controlfield>
	<controlfield tag="008">201222s2020    ja ||||  ||||u||||u jpnnd</controlfield>
	<datafield tag="016" ind1="7" ind2=" ">
		<subfield code="a">QQ20584346</subfield>
		<subfield code="2">JP-TsAFF</subfield>
	</datafield>
	<datafield tag="040" ind1=" " ind2=" ">
		<subfield code="a">AFFRC</subfield>
	</datafield>
	<datafield tag="041" ind1="0" ind2=" ">
		<subfield code="a">jpn</subfield>
	</datafield>
	<datafield tag="700" ind1="1" ind2="0">
		<subfield code="a">農林水産省技術会議事務局研究推進課</subfield>
	</datafield>
	<datafield tag="700" ind1="1" ind2="0">
		<subfield code="a">農業・食品産業技術総合研究機構規格戦略本部スマート農業実証事業推進室</subfield>
	</datafield>
	
	
	
	<datafield tag="245" ind1="1" ind2="0">
		<subfield code="a">スマート農業実証プロジェクト</subfield>
		<subfield code="b">project 2020</subfield>
		<subfield code="c">農林水産省技術会議事務局研究推進課, 農業・食品産業技術総合研究機構規格戦略本部スマート農業実証事業推進室 [編]</subfield>
	</datafield>
	
	
	
	<datafield tag="260" ind1=" " ind2=" ">
		<subfield code="a">[東京]</subfield>
		<subfield code="b">農林水産省技術会議事務局研究推進課</subfield>
		<subfield code="c">[2020].</subfield>
	</datafield>
	
<datafield tag="300" ind1=" " ind2=" ">
<subfield code="c">30cm.</subfield>
</datafield>
	
	
	
	
	<datafield tag="852" ind1=" " ind2=" ">
		<subfield code="a">13</subfield>
		<subfield code="b">農水省</subfield>
		<subfield code="i">,//K7256/技術会議,040000113399</subfield>
	</datafield>
	<datafield tag="852" ind1=" " ind2=" ">
		<subfield code="a">06</subfield>
		<subfield code="b">図</subfield>
		<subfield code="i">,図(農独)///技会,060000055945</subfield>
	</datafield>
	<datafield tag="990" ind1=" " ind2=" ">
		<subfield code="a">13</subfield>
		<subfield code="b">13/00004</subfield>
		<subfield code="i">,//K7256/技術会議,040000113399</subfield>
		<subfield code="j">//K7256/技術会議</subfield>
	</datafield>
	<datafield tag="990" ind1=" " ind2=" ">
		<subfield code="a">06</subfield>
		<subfield code="b">06/00001</subfield>
		<subfield code="i">,図(農独)///技会,060000055945</subfield>
		<subfield code="j">図(農独)///技会</subfield>
	</datafield>
</record>
<record>
	<leader>00000cam a2200000 4500</leader>
	<controlfield tag="001">QQ20628995</controlfield>
	<controlfield tag="003">AFFRC</controlfield>
	<controlfield tag="005">20260409094705</controlfield>
	<controlfield tag="007">  </controlfield>
	<controlfield tag="008">260408s2017    ja ||||  ||||u||||u jpnnd</controlfield>
	<datafield tag="016" ind1="7" ind2=" ">
		<subfield code="a">QQ20628995</subfield>
		<subfield code="2">JP-TsAFF</subfield>
	</datafield>
	<datafield tag="020" ind1=" " ind2=" ">
	</datafield>
	<datafield tag="040" ind1=" " ind2=" ">
		<subfield code="a">AFFRC</subfield>
	</datafield>
	<datafield tag="041" ind1="0" ind2=" ">
		<subfield code="a">jpn</subfield>
	</datafield>
	<datafield tag="700" ind1="1" ind2="0">
		<subfield code="a">農林水産省農林水産技術会議事務局研究推進課</subfield>
	</datafield>
	<datafield tag="700" ind1="1" ind2="0">
		<subfield code="a">農林水産・食品産業技術振興協会</subfield>
	</datafield>
	
	
	
	<datafield tag="245" ind1="1" ind2="0">
		<subfield code="a">農林水産業・食品産業科学技術研究推進事業</subfield>
		<subfield code="b">研究紹介</subfield>
		<subfield code="c">農林水産省農林水産技術会議事務局研究推進課, 公益社団法人農林水産・食品産業技術振興協会 [編]</subfield>
	</datafield>
	
	<datafield tag="246" ind1="3" ind2=" ">
		<subfield code="a">Science and technology research promotion program for agriculture, forestry and food industry : Research and delelopment</subfield>
	</datafield>
	
	
	<datafield tag="260" ind1=" " ind2=" ">
		<subfield code="a">東京</subfield>
		<subfield code="b">農林水産省農林水産技術会議事務局研究推進課</subfield>
		<subfield code="c">2017.</subfield>
	</datafield>
	
<datafield tag="300" ind1=" " ind2=" ">
<subfield code="c">30cm.</subfield>
</datafield>
	
	
	<datafield tag="504" ind1=" " ind2=" ">
		<subfield code="a">表現種別: テキスト (ncrcontent), 機器種別: 機器不用 (ncrmedia), キャリア種別: 冊子 (ncrcarrier)</subfield>
	</datafield>
	
	
	<datafield tag="852" ind1=" " ind2=" ">
		<subfield code="a">04</subfield>
		<subfield code="b">B書庫</subfield>
		<subfield code="i">,B11-2,160000022955</subfield>
	</datafield>
	<datafield tag="990" ind1=" " ind2=" ">
		<subfield code="a">04</subfield>
		<subfield code="b">04/00003</subfield>
		<subfield code="i">,B11-2,160000022955</subfield>
		<subfield code="j">B11-2</subfield>
	</datafield>
</record>
<record>
	<leader>00000cam a2200000 4500</leader>
	<controlfield tag="001">QQ20551914</controlfield>
	<controlfield tag="003">AFFRC</controlfield>
	<controlfield tag="005">20230926135617</controlfield>
	<controlfield tag="007">  </controlfield>
	<controlfield tag="008">170428s2017    ja ||||  ||||u||||u jpnnd</controlfield>
	<datafield tag="015" ind1=" " ind2=" ">
		<subfield code="a">JP22866863</subfield>
	</datafield>
	<datafield tag="016" ind1="7" ind2=" ">
		<subfield code="a">QQ20551914</subfield>
		<subfield code="2">JP-TsAFF</subfield>
	</datafield>
	<datafield tag="040" ind1=" " ind2=" ">
		<subfield code="a">AFFRC</subfield>
	</datafield>
	<datafield tag="041" ind1="0" ind2=" ">
		<subfield code="a">jpn</subfield>
	</datafield>
	<datafield tag="084" ind1="1" ind2="4">
		<subfield code="a">RB277</subfield>
		<subfield code="2">NDLC</subfield>
	</datafield>
	<datafield tag="700" ind1="1" ind2="0">
		<subfield code="a">農林水産省農林水産技術会議事務局</subfield>
	</datafield>
	
	
	
	<datafield tag="245" ind1="1" ind2="0">
		<subfield code="a">農業用アシストスーツの開発</subfield>
		<subfield code="c">農林水産省農林水産技術会議事務局編</subfield>
	</datafield>
	
	<datafield tag="246" ind1="3" ind2=" ">
		<subfield code="a">Development of low cost/labor-saving agricultural technologies : development of agricultural assist suit</subfield>
	</datafield>
	
	
	<datafield tag="260" ind1=" " ind2=" ">
		<subfield code="a">東京</subfield>
		<subfield code="b">農林水産省農林水産技術会議事務局</subfield>
		<subfield code="c">2017.3.</subfield>
	</datafield>
	
<datafield tag="300" ind1=" " ind2=" ">
<subfield code="a">38p</subfield>
<subfield code="b">挿図;</subfield>
<subfield code="c">30cm.</subfield>
</datafield>
	
	<datafield tag="440" ind1=" " ind2="0">
		<subfield code="a">研究成果</subfield>
		<subfield code="n">562</subfield>
	</datafield>
	
	<datafield tag="504" ind1=" " ind2=" ">
		<subfield code="a">引用文献あり</subfield>
	</datafield>
	
	<datafield tag="599" ind1="0" ind2="7">
		<subfield code="a">QQ20392982</subfield>
	</datafield>
	
	<datafield tag="650" ind1=" " ind2="4">
		<subfield code="a">農業機械・器具</subfield>
	</datafield>
	<datafield tag="852" ind1=" " ind2=" ">
		<subfield code="a">99</subfield>
		<subfield code="b">2F 農林水産省</subfield>
		<subfield code="i">,N-50/Kes/562,310000613259</subfield>
	</datafield>
	<datafield tag="852" ind1=" " ind2=" ">
		<subfield code="a">09</subfield>
		<subfield code="b">図書資料室</subfield>
		<subfield code="i">,114/D/13253,250021013253</subfield>
	</datafield>
	<datafield tag="852" ind1=" " ind2=" ">
		<subfield code="a">35</subfield>
		<subfield code="b">書庫</subfield>
		<subfield code="i">,614.85/N96,200100058262</subfield>
	</datafield>
	<datafield tag="990" ind1=" " ind2=" ">
		<subfield code="a">99</subfield>
		<subfield code="b">99/00015</subfield>
		<subfield code="i">,N-50/Kes/562,310000613259</subfield>
		<subfield code="j">N-50/Kes/562</subfield>
	</datafield>
	<datafield tag="990" ind1=" " ind2=" ">
		<subfield code="a">09</subfield>
		<subfield code="b">09/00001</subfield>
		<subfield code="i">,114/D/13253,250021013253</subfield>
		<subfield code="j">114/D/13253</subfield>
	</datafield>
	<datafield tag="990" ind1=" " ind2=" ">
		<subfield code="a">35</subfield>
		<subfield code="b">35/00013</subfield>
		<subfield code="i">,614.85/N96,200100058262</subfield>
		<subfield code="j">614.85/N96</subfield>
	</datafield>
</record>
<record>
	<leader>00000cam a2200000 4500</leader>
	<controlfield tag="001">QQ20551915</controlfield>
	<controlfield tag="003">AFFRC</controlfield>
	<controlfield tag="005">20230926135730</controlfield>
	<controlfield tag="007">  </controlfield>
	<controlfield tag="008">170428s2017    ja ||||  ||||u||||u jpnnd</controlfield>
	<datafield tag="015" ind1=" " ind2=" ">
		<subfield code="a">JP22866858</subfield>
	</datafield>
	<datafield tag="016" ind1="7" ind2=" ">
		<subfield code="a">QQ20551915</subfield>
		<subfield code="2">JP-TsAFF</subfield>
	</datafield>
	<datafield tag="040" ind1=" " ind2=" ">
		<subfield code="a">AFFRC</subfield>
	</datafield>
	<datafield tag="041" ind1="0" ind2=" ">
		<subfield code="a">jpn</subfield>
	</datafield>
	<datafield tag="084" ind1="1" ind2="4">
		<subfield code="a">NG31</subfield>
		<subfield code="2">NDLC</subfield>
	</datafield>
	<datafield tag="700" ind1="1" ind2="0">
		<subfield code="a">農林水産省農林水産技術会議事務局</subfield>
	</datafield>
	
	
	
	<datafield tag="245" ind1="1" ind2="0">
		<subfield code="a">牧草・飼料作物における放射性物質移行低減対策技術の開発</subfield>
		<subfield code="c">農林水産省農林水産技術会議事務局編</subfield>
	</datafield>
	
	<datafield tag="246" ind1="3" ind2=" ">
		<subfield code="a">Development of radioactive materials removal and reduction technology for forests and farmland : reduction technology of radioactive materials for grass and feed crop</subfield>
	</datafield>
	<datafield tag="246" ind1="3" ind2=" ">
		<subfield code="a">牧草飼料作物における放射性物質移行低減対策技術の開発</subfield>
	</datafield>
	<datafield tag="246" ind1="3" ind2=" ">
		<subfield code="a">農地等の放射性物質の除去低減技術の開発</subfield>
	</datafield>
	
	
	<datafield tag="260" ind1=" " ind2=" ">
		<subfield code="a">東京</subfield>
		<subfield code="b">農林水産省農林水産技術会議事務局</subfield>
		<subfield code="c">2017.3.</subfield>
	</datafield>
	
<datafield tag="300" ind1=" " ind2=" ">
<subfield code="a">122p</subfield>
<subfield code="b">挿図;</subfield>
<subfield code="c">30cm.</subfield>
</datafield>
	
	<datafield tag="440" ind1=" " ind2="0">
		<subfield code="a">研究成果</subfield>
		<subfield code="n">563</subfield>
	</datafield>
	
	<datafield tag="504" ind1=" " ind2=" ">
		<subfield code="a">引用文献あり</subfield>
	</datafield>
	
	<datafield tag="599" ind1="0" ind2="7">
		<subfield code="a">QQ20392982</subfield>
	</datafield>
	
	<datafield tag="650" ind1=" " ind2="4">
		<subfield code="a">除染 (放射性物質)</subfield>
	</datafield>
	<datafield tag="650" ind1=" " ind2="4">
		<subfield code="a">植物と放射線</subfield>
	</datafield>
	<datafield tag="650" ind1=" " ind2="4">
		<subfield code="a">土壌浄化</subfield>
	</datafield>
	<datafield tag="650" ind1=" " ind2="4">
		<subfield code="a">セシウム</subfield>
	</datafield>
	<datafield tag="852" ind1=" " ind2=" ">
		<subfield code="a">99</subfield>
		<subfield code="b">2F 農林水産省</subfield>
		<subfield code="i">,N-50/Kes/563,310000613260</subfield>
	</datafield>
	<datafield tag="852" ind1=" " ind2=" ">
		<subfield code="a">35</subfield>
		<subfield code="b">書庫</subfield>
		<subfield code="i">,539.68/N96,200100058263</subfield>
	</datafield>
	<datafield tag="990" ind1=" " ind2=" ">
		<subfield code="a">99</subfield>
		<subfield code="b">99/00015</subfield>
		<subfield code="i">,N-50/Kes/563,310000613260</subfield>
		<subfield code="j">N-50/Kes/563</subfield>
	</datafield>
	<datafield tag="990" ind1=" " ind2=" ">
		<subfield code="a">35</subfield>
		<subfield code="b">35/00013</subfield>
		<subfield code="i">,539.68/N96,200100058263</subfield>
		<subfield code="j">539.68/N96</subfield>
	</datafield>
</record>
<record>
	<leader>00000cam a2200000 4500</leader>
	<controlfield tag="001">QQ20551916</controlfield>
	<controlfield tag="003">AFFRC</controlfield>
	<controlfield tag="005">20230926135950</controlfield>
	<controlfield tag="007">  </controlfield>
	<controlfield tag="008">170428s2017    ja ||||  ||||u||||u jpnnd</controlfield>
	<datafield tag="015" ind1=" " ind2=" ">
		<subfield code="a">JP22864523</subfield>
	</datafield>
	<datafield tag="016" ind1="7" ind2=" ">
		<subfield code="a">QQ20551916</subfield>
		<subfield code="2">JP-TsAFF</subfield>
	</datafield>
	<datafield tag="040" ind1=" " ind2=" ">
		<subfield code="a">AFFRC</subfield>
	</datafield>
	<datafield tag="041" ind1="0" ind2=" ">
		<subfield code="a">jpn</subfield>
	</datafield>
	<datafield tag="084" ind1="1" ind2="4">
		<subfield code="a">539.68</subfield>
		<subfield code="2">NDC9</subfield>
	</datafield>
	<datafield tag="084" ind1="1" ind2="4">
		<subfield code="a">NG31</subfield>
		<subfield code="2">NDLC</subfield>
	</datafield>
	<datafield tag="700" ind1="1" ind2="0">
		<subfield code="a">農林水産省農林水産技術会議事務局</subfield>
	</datafield>
	
	
	
	<datafield tag="245" ind1="1" ind2="0">
		<subfield code="a">果樹・茶における放射性物質移行低減対策技術の開発</subfield>
		<subfield code="c">農林水産省農林水産技術会議事務局編</subfield>
	</datafield>
	
	<datafield tag="246" ind1="3" ind2=" ">
		<subfield code="a">Development of radioactive materials removal and reduction technology for forests and farmland : reduction technology of radioactive materials for fruit and tea trees</subfield>
	</datafield>
	<datafield tag="246" ind1="3" ind2=" ">
		<subfield code="a">果樹茶における放射性物質移行低減対策技術の開発</subfield>
	</datafield>
	<datafield tag="246" ind1="3" ind2=" ">
		<subfield code="a">農地等の放射性物質の除去低減技術の開発</subfield>
	</datafield>
	
	
	<datafield tag="260" ind1=" " ind2=" ">
		<subfield code="a">東京</subfield>
		<subfield code="b">農林水産省農林水産技術会議事務局</subfield>
		<subfield code="c">2017.3.</subfield>
	</datafield>
	
<datafield tag="300" ind1=" " ind2=" ">
<subfield code="a">127p</subfield>
<subfield code="b">挿図;</subfield>
<subfield code="c">30cm.</subfield>
</datafield>
	
	<datafield tag="440" ind1=" " ind2="0">
		<subfield code="a">研究成果</subfield>
		<subfield code="n">565</subfield>
	</datafield>
	
	<datafield tag="504" ind1=" " ind2=" ">
		<subfield code="a">引用文献あり</subfield>
	</datafield>
	
	<datafield tag="599" ind1="0" ind2="7">
		<subfield code="a">QQ20392982</subfield>
	</datafield>
	
	<datafield tag="650" ind1=" " ind2="4">
		<subfield code="a">除染 (放射性物質)</subfield>
	</datafield>
	<datafield tag="650" ind1=" " ind2="4">
		<subfield code="a">植物と放射線</subfield>
	</datafield>
	<datafield tag="650" ind1=" " ind2="4">
		<subfield code="a">土壌浄化</subfield>
	</datafield>
	<datafield tag="650" ind1=" " ind2="4">
		<subfield code="a">セシウム</subfield>
	</datafield>
	<datafield tag="852" ind1=" " ind2=" ">
		<subfield code="a">99</subfield>
		<subfield code="b">2F 農林水産省</subfield>
		<subfield code="i">,N-50/Kes/565,310000613261</subfield>
	</datafield>
	<datafield tag="852" ind1=" " ind2=" ">
		<subfield code="a">09</subfield>
		<subfield code="b">図書資料室</subfield>
		<subfield code="i">,114/D/13254,250021013254</subfield>
	</datafield>
	<datafield tag="852" ind1=" " ind2=" ">
		<subfield code="a">35</subfield>
		<subfield code="b">書庫</subfield>
		<subfield code="i">,539.68/N96,200100058265</subfield>
	</datafield>
	<datafield tag="990" ind1=" " ind2=" ">
		<subfield code="a">99</subfield>
		<subfield code="b">99/00015</subfield>
		<subfield code="i">,N-50/Kes/565,310000613261</subfield>
		<subfield code="j">N-50/Kes/565</subfield>
	</datafield>
	<datafield tag="990" ind1=" " ind2=" ">
		<subfield code="a">09</subfield>
		<subfield code="b">09/00001</subfield>
		<subfield code="i">,114/D/13254,250021013254</subfield>
		<subfield code="j">114/D/13254</subfield>
	</datafield>
	<datafield tag="990" ind1=" " ind2=" ">
		<subfield code="a">35</subfield>
		<subfield code="b">35/00013</subfield>
		<subfield code="i">,539.68/N96,200100058265</subfield>
		<subfield code="j">539.68/N96</subfield>
	</datafield>
</record>



</collection>
